Normal view
MARC view
- Zhao, Bo.
Entry Personal Name
001 - CONTROL NUMBER
- control field: 61166
003 - CONTROL NUMBER IDENTIFIER
- control field: OSt
005 - DATE AND TIME OF LATEST TRANSACTION
- control field: 20240916150717.0
008 - FIXED-LENGTH DATA ELEMENTS
- fixed length control field: 240916|| aca||aabn | a|a d
040 ## - CATALOGING SOURCE
- Original cataloging agency: OSt
- Transcribing agency: OSt
100 ## - HEADING--PERSONAL NAME
- Personal name: Zhao, Bo.
- Relator term: author.
670 ## - SOURCE DATA FOUND
- Source citation: Work cat.: (OSt): Zhao, Bo. author., How to design a state education aid formula using a regression-based estimate of the cost-capacity gap :, Spring 2023.
